000
00284nam a22001337a 4500
008
170831b xxu||||| |||| 00| 0 eng d
020
_a
9780671672225
041
_a
eng
080
_a
070
100
_a
40
101
_a
MED
245
_a
SMILES BACK
_c
KUNHARDT,.P.B
942
_2
udc
_c
BK
999
_c
25719
_d
25719